Normal view
MARC view
- Religion -- Philosophy
Entry Topical Term
001 - CONTROL NUMBER
- control field: 5439
003 - CONTROL NUMBER IDENTIFIER
- control field: JO-AjAnu
005 - DATE AND TIME OF LATEST TRANSACTION
- control field: 20230606071201.0
008 - FIXED-LENGTH DATA ELEMENTS
- fixed length control field: 230606|| aca||aabn | a|a d
040 ## - CATALOGING SOURCE
- Original cataloging agency: JO-AjAnu
- Transcribing agency: JO-AjAnu
150 ## - HEADING--TOPICAL TERM
- Topical term or geographic name entry element: Religion -- Philosophy
670 ## - SOURCE DATA FOUND
- Source citation: Work cat.: (JO-AjAnu)2808: Huxley ,Aldous, author 5438, The perennial philosophy